| 000 | 00872nam a22002777a 4500 | ||
|---|---|---|---|
| 003 | CHAP | ||
| 005 | 20220329140243.0 | ||
| 008 | 971013s1977 r 00010 d | ||
| 010 | _a49291 | ||
| 011 | _a50263 | ||
| 035 | _a54413 | ||
| 040 | _cCHAP | ||
| 082 |
_a917.2 _bR6 |
||
| 100 | 0 | 0 |
_aRobelo, Cecilio A. _997893 |
| 245 | _aNombres geográficos del Distrito Federal ; estudio crítico-etimológico | ||
| 260 |
_aMéxico, D. F. : _bDepartamento del Distrito Federal, _c1977 |
||
| 300 | _a123 p. | ||
| 590 |
_aBATCH-UPD _b10 _c20130110 _lUCH01 _h0731 |
||
| 590 |
_aBATCH-UPD _b10 _c20130410 _lUCH01 _h0414 |
||
| 590 |
_aBATCH-UPD _b10 _c20130914 _lUCH01 _h1826 |
||
| 590 |
_aCONVERSION _b10 _c20130109 _lUCH01 _h1327 |
||
| 650 | 1 | 4 |
_aMéxico (D.F.) _xNombres geográficos. _976820 |
| 901 | _aBK | ||
| 942 | _cLIBRO | ||
| 949 |
_a917.2 R6 _bBC _cC _d-120080 _eC _h1323 _i54413 _si |
||
| 999 |
_c49291 _d49291 |
||